| 000 | 03669nam a2200217 a 4500 | ||
|---|---|---|---|
| 999 |
_c1820 _d1820 |
||
| 003 | AR-BaISA | ||
| 005 | 20250602095235.0 | ||
| 007 | ta | ||
| 008 | 250602s1990 ag ||||f |||| 000 0 spa d | ||
| 020 | _a9504328970 | ||
| 040 |
_bspa _cAR-BaISA |
||
| 082 | 0 | 4 |
_222 _a618.97 S83 |
| 100 |
_93738 _aStrejilevich, Mario _eaut. |
||
| 245 | 1 | 0 |
_aTemas de piscogeriatría / _cMario Strejilevich |
| 260 |
_aBuenos Aires: _bEdiciones 1919, _c1990 |
||
| 300 | _a346 p. | ||
| 505 |
_tEl último reportaje al Dr. Mario Strejilevich -- _tAño 1962: Temas de gerontopsiquiatría a través de dos congresos -- _tAño 1962: La vejez vista por Platón -- _tAño 1962: Ergoterapia y gerontopsiquiatría -- _tAño 1962: La turbulencia nocturna del anciano psicótico -- _tAño 1963: A propósito de algunas conductas que los sujetos aquejados de síndromes demenciales presentan delante del espejo -- _tAño 1963: La organización asistencial gerontopsiquiátrica en algunos países de Europa -- _tAño 1964: Detección del grado de deterioro en los cuadros psicóticos de la edad avanzada: utilización de un método sencillo aplicable durante el examen clínico -- _tAño 1964: Desventajas de los pabellones geriátricos en el actual nivel asistencial de nuestros hospitales psiquiátricos -- _tAño 1968: Algunas peculiaridades demográficas y psicosociales de la población añosa de la Argentina: el impacto de la inmigración europea -- _tAño 1969: El manejo institucional de los trastornos de conducta causados por la arteriosclerosis cerebral -- _tAño 1970: Tratamiento médico en gerontopsiquiatría -- _tAño 1970: Consecuencias de la brusca urbanización y de la inmigración en la población añosa de la Argentina -- _tAño 1970: Síndromes de la gerontopsiquiatría en la práctica clínica: diagnóstico y tratamiento -- _tAño 1971: Estado asistencial en gerontopsquiatría en la Argentina: con especial referencia a Capital Federal y Gran Buenos Aires -- _tAño 1971: Psicogeriatría en América Latina -- _tAño 1971: Obstáculos para el desarrollo de la asistencia psicogeriátrica en América Latina -- _tAño 1972: Manejo terapéutico de los problemas psiquiátricos del anciano que presenta síndromes demenciales de la vejez -- _tAño 1973: Análisis crítico de los modelos asistenciales de la salud mental en América Latina -- _tAño 1975: Hospitales geriátricos de día -- _tAño 1975: La escritura de números con palabras -- _tAño 1976: Un mundo propio para los viejos -- _tAño 1976: Los viejos no quieren ser segregados -- _tAño 1977: Vejez -- _tAño 1977: Demencias: aspectos psiquiátricos -- _tAño 1978: El psicogeriatría ante la depresión endógena -- _tAño 1979: Algunas consideraciones acerca de las alteraciones psíquicas en la arteriosclerosis cerebral -- _tAño 1979: La ansiedad durante el envejecimiento -- _tAño 1979: Entrevista diagnóstica en psicogeriatría -- _tAño 1979: Emergencias y urgencias gerontopsiquiátricas -- _tAño 1979: Algunas características de las depresiones durante el envejecimiento -- _tAño 1980: Confusión Mental Aguda: un cuadro dramático -- _tAño 1981: Neurolépticos en geriatría -- _tAño 1983: Litio en pacientes ancianos -- _tAño 1983: Reflexiones sobre la situación de los ancianos en los países en desarrollo -- _tAño 1985: Reflexiones sobre temas de gerontopsiquiatría -- _tAño 1987: Sugerencias sobre algunas modalidades asistenciales en gerontopsiquiatría -- _tAño 1987: Asistencia gerontológica: usos y abusos de los enfoques médicos y sociales |
||
| 650 | 1 | 4 |
_9539 _aGeriatría _vaspectos psiquiátricos |
| 650 | 1 | 4 |
_9539 _aGeriatría _vaspectos psicológicos |
| 942 |
_2ddc _cLI _e22 |
||